000 00664nam a2200217Ia 4500
003 GCL
008 140319s9999 xx 000 0 ara d
040 _aGCL /
_cGCL
082 0 4 _a962.4
_bن ت
100 1 _aنعوم شقير
245 1 0 _aتاريخ السودان القديم والحديث وجغرافيته: ج3 /
_cنعوم شقير
300 _a244 ص
490 _a100 قصة
_v0
650 0 4 _aالجغرافيا الطبيعية
650 0 4 _aالسكان
650 0 4 _aالمدن
650 0 4 _aالجغرافيا البشرية
650 0 4 _aالحدود السياسية
650 0 4 _aالسودان - الجغرافيا
942 _2ddc
_cBK
999 _c46393
_d46393